| Tag |
First Indicator |
Second Indicator |
Subfields |
| LEADER |
00000cam a2200000 a 4500 |
| 001 |
in00000008107 |
| 005 |
20151002070140.0 |
| 008 |
870319s1987 nyu b 00100 eng |
| 010 |
|
|
|a 87009355
|
| 020 |
|
|
|a 0877547386 (alk. paper) :
|c $19.95
|
| 035 |
|
|
|a (OCoLC)15489881
|
| 035 |
|
|
|9 AAA0464AM
|
| 040 |
|
|
|a DLC
|c DLC
|d TXA
|d UtOrBLW
|
| 043 |
|
|
|a e-fr---
|
| 050 |
0 |
0 |
|a PR4571
|b .C48 1987
|
| 245 |
0 |
0 |
|a Charles Dickens's A tale of two cities /
|c edited and with an introduction by Harold Bloom.
|
| 264 |
|
1 |
|a New York :
|b Chelsea House Publishers,
|c 1987.
|
| 300 |
|
|
|a vii, 146 pages ;
|c 25 cm.
|
| 336 |
|
|
|a text
|b txt
|2 rdacontent
|
| 337 |
|
|
|a unmediated
|b n
|2 rdamedia
|
| 338 |
|
|
|a volume
|b nc
|2 rdacarrier
|
| 490 |
1 |
|
|a Modern critical interpretations
|
| 504 |
|
|
|a Bibliography: pages 139-140.
|
| 500 |
|
|
|a Includes index.
|
| 600 |
1 |
0 |
|a Dickens, Charles,
|d 1812-1870.
|t Tale of two cities.
|
| 651 |
|
0 |
|a France
|x History
|y Revolution, 1789-1799
|x Literature and the revolution.
|
| 700 |
1 |
|
|a Bloom, Harold.
|
| 830 |
|
0 |
|a Modern critical interpretations.
|
| 999 |
|
|
|a MARS
|
| 999 |
f |
f |
|s 23d65ebb-366b-30b0-ac40-84a092d50636
|i 9dac0913-45c6-3d7c-9121-a54badda595a
|t 0
|
| 952 |
f |
f |
|p normal
|a Texas A&M University
|b College Station
|c Sterling C. Evans Library
|d Evans: Library Stacks
|t 0
|e PR4571 .C48 1987
|h Library of Congress classification
|i unmediated -- volume
|m A14812570301
|
| 998 |
f |
f |
|a PR4571 .C48 1987
|t 0
|l Evans: Library Stacks
|